1281 1290 1619 1032 1419 1943 1233 1265 1799 1790 1636 1700 1834 1300 1704 1525 1782 1138 1981 1763 1070 1434 1364 1960 1768 1898 1410 1556 1140 1021 1173 1829 1361 1356 1137 1741 1825 1512 1876 1351 1220 1046 1847 1876 1459 1831 1442 1588 1626 1143 1064 1972 1060 1076 1956 1579 1677 1807 1228 1510 1578 1319 2000 1823 1853 1388 1852 1805 1843 1847 1309 1974 1050 1510 1461 1966 1361 1058 1192 1985 1848 1961 1732 1610 1648 1373 1883 1944 1125 1212 1475 1626 1462 1195 1566 1699 1554 1112 1425 BCNSPRNW ULIB Ver.6.0+V

เปลี่ยนเป็นภาษาไทย

Change to English
 แสดงรายละเอียดบรรณานุกรม
  กลับหน้าหลัก

Brief Record : Get Marc (ISO 2709) : E-mail record : QR code < ปิดหน้าต่าง
LEADER : 00000nam 2200000uu 4500
001    13399126449
003     ULIB
008    180918s2560||||th 000 0 tha d
020    ^a9786164453265
060    ^aWG140 อ114T
100    ^aองค์การ เรืองรัตนอัมพร ไพศาล บุญศิริดำชัย และดำรงค์ สุกิจปัญญาโรจน์
245    ^aThe Electrocardiography : Self Study, Book I
250    ^aพิมพ์ครั้งที่ 1
260    ^aกรุงเทพฯ :^bพี เอ็น เค แอนด์ สกายพริ้นติ้งส์,^c2560
300    ^a258 หน้า^bภาพประกอบ
650    ^aคลื่นไฟฟ้าหัวใจ^xแปลผล
650    ^aThe Electrocardiography
945    ^p350^l0^i26652
945    ^p350^l0^i26651
999    ^aกัณชพร จุลอักษร
รายการนี้ยังไม่มีแท็ก
คุณยังไม่ได้ล็อกอิน คุณสามารถมีกิจกรรมร่วมกับเว็บไซต์ได้ แต่ต้องล็อกอินก่อน ::
  ล็อกอิน

รายการสื่อสารสนเทศ

ลำดับที่ ประเภท เลขเรียก/บาร์โค้ด สถานที่ สถานะ
1. หนังสือสำรอง
หนังสือสำรอง
WG140 อ114T ฉ.1 
  Barcode: 26651
ห้องสมุดวิทยาเขตนครสวรรค์
►หนังสือทั่วไป:l:General Books
บนชั้น
2. วิทยาศาสตร์การแพทย์ และสุขภาพ
วิทยาศาสตร์การแพทย์ และสุขภาพ
WG140 อ114T ฉ.2 
  Barcode: 26652
ห้องสมุดวิทยาเขตนครสวรรค์
►หนังสือทั่วไป:l:General Books
บนชั้น

รายการใกล้เคียง
    ชื่อเรื่อง [The Electrocardiography : Self Study, Book I]

    ผู้แต่ง [องค์การ เรืองรัตนอัมพร ไพศาล บุญศิริดำชัย และดำรงค์ สุกิจปัญญาโรจน์]

    หัวเรื่อง [The Electrocardiography]

BibComment


ยังไม่เคยถูกคอมเมนท์

คอมเมนท์ทรัพยากรรายการนี้
  คอมเมนท์: The Electrocardi..


 Copyright 2026. Bcnsprnw @Library